00454nam a2200169Ia 450000500170000000800410001702000180005804100080007608200150008410000150009924500340011426000450014830000090019350000280020265000390023070000150026920251121145032.0230125s9999 xx 000 0 und d a9780199458844 aeng a158.1bDEV aDevendra A aSoft Skills For Hospilitality c2015bOxford University PressaNew Delhi a340p aPersonality Development aSoft skill;Personality Development aDevendra A